| 000 | 00557nam a22001937a 4500 | ||
|---|---|---|---|
| 999 |
_c163775 _d163775 |
||
| 005 | 20190430121901.0 | ||
| 010 | _aB-216123 | ||
| 020 | _c395.00 | ||
| 035 | _aB-216123 | ||
| 037 | _bDBAD/PUB | ||
| 082 | _aN | ||
| 100 | _aVakil, Ardashir | ||
| 245 |
_aOne Day/ _cby Ardashir Vakil |
||
| 260 |
_aNew Delhi _bPenguin Books _c2003 |
||
| 270 |
_a11,community centre,Panchsheel Park, _bNew Delhi _e110017 |
||
| 300 |
_a293p. _c21cms(hbk) |
||
| 942 |
_2ddc _cEN _hN _mVAK |
||